000 00559cam a22002051 4500
001 ne 63001563
003 DLC
005 20260227111748.0
008 890514s1961 xx 000 0 ara
010 _ane 63001563
035 _a(OCoLC)23502535
040 _aDLC
_cMiU
_dDLC
050 0 0 _aBP174
_b.S4 1961
100 1 _aShaʻrānī, ʻAbd al-Wahhāb ibn Aḥmad,
_dapproximately 1493-1565 or 1566.
245 1 0 _aLawāqiḥ al-anwār.
260 _c[1961]
300 _a922 p.
_c24 cm.
500 _aRomanised.
650 0 _aIslam
_xCustoms and practices.
999 _c46145
_d46145